MARC details
| 000 -CABECERA |
| campo de control de longitud fija |
01255nam a22002657a 4500 |
| 003 - IDENTIFICADOR DEL NÚMERO DE CONTROL |
| campo de control |
DO-SdBNP |
| 005 - FECHA Y HORA DE LA ÚLTIMA TRANSACCIÓN |
| campo de control |
20210830104818.0 |
| 007 - CAMPO FIJO DE DESCRIPCIÓN FÍSICA--INFORMACIÓN GENERAL |
| campo de control de longitud fija |
ta |
| 008 - DATOS DE LONGITUD FIJA--INFORMACIÓN GENERAL |
| campo de control de longitud fija |
210830e2018 dr a|||gr|||| 001 edspa d |
| 020 ## - NÚMERO INTERNACIONAL ESTÁNDAR DEL LIBRO |
| Número Internacional Estándar del Libro |
9789945908022 (tapa rústica) |
| 020 ## - NÚMERO INTERNACIONAL ESTÁNDAR DEL LIBRO |
| Número Internacional Estándar del Libro |
9789945908015 (tapa dura). |
| 040 ## - FUENTE DE LA CATALOGACIÓN |
| Centro catalogador/agencia de origen |
DO-SdBNP |
| Lengua de catalogación |
spa |
| Centro/agencia transcriptor |
BNPHU |
| 041 ## - CÓDIGO DE LENGUA |
| Código de lengua original |
spa |
| 082 ## - NÚMERO DE LA CLASIFICACIÓN DECIMAL DEWEY |
| Número de documento/Ítem |
M671t |
| 100 1# - ENTRADA PRINCIPAL--NOMBRE DE PERSONA |
| 9 (RLIN) |
40026 |
| Nombre de persona |
Mirabal Rosario,Yoselman Rodwin, |
| Fechas asociadas al nombre |
1969- |
| 245 13 - MENCIÓN DE TÍTULO |
| Título |
Teología pentecostal: |
| Resto del título |
una perspectiva académica / |
| Mención de responsabilidad, etc. |
Yoselman R. Mirabal; Eduardo Leonardo Piña Mateo, pról. |
| 260 ## - PUBLICACIÓN, DISTRIBUCIÓN, ETC. |
| Lugar de publicación, distribución, etc. |
Santo Domingo : |
| Nombre del editor, distribuidor, etc. |
Editora la Unión, |
| Fecha de publicación, distribución, etc. |
2018 |
| 300 ## - DESCRIPCIÓN FÍSICA |
| Extensión |
248 p.: |
| Otras características físicas |
il., fotogr.; |
| Dimensiones |
22 cm. |
| 500 ## - NOTA GENERAL |
| Nota general |
Incluye biografía del autor en la solapa. |
| 504 ## - NOTA DE BIBLIOGRAFÍA, ETC. |
| Nota de bibliografía, etc. |
bibliografía, p. 245-246 |
| 505 00 - NOTA DE CONTENIDO CON FORMATO |
| Título |
Capítulo I. Conceptuación.-- |
| -- |
Capítulo II. Origen, evolución y situación actual del pentecostalismo.-- |
| -- |
Capítulo III. Unción o conocimiento: La gran dicotomía entre los pentecostales.-- |
| -- |
Capítulo IV. Doctrinas básicas de los pentecostales.-- |
| -- |
Capítulo V. Creencias, dogmas y tabúes pentecostales.-- |
| -- |
Capítulo VI. Desafíos actuales de la iglesia pentecostal.-- |
| 590 ## - NOTA LOCAL (RLIN) |
| Nota local |
Inventariado 2021 / MF |
| 700 12 - PUNTO DE ACCESO ADICIONAL--NOMBRE DE PERSONA |
| Nombre de persona |
Piña Mateo, Eduardo Leonardo |
| Término indicativo de función/relación |
pról. |
| 9 (RLIN) |
79623 |
| 942 ## - ELEMENTOS DE PUNTO DE ACCESO ADICIONAL (KOHA) |
| Fuente del sistema de clasificación o colocación |
Dewey Decimal Classification |
| Tipo de ítem Koha |
Libro |